| 000 | 01279nam a2200265Ia 4500 | ||
|---|---|---|---|
| 999 |
_c43992 _d43992 |
||
| 001 | 10742 | ||
| 003 | GE_BSU | ||
| 005 | 20220927113519.0 | ||
| 008 | 181216s2011||||ge |||||||||||||| ||geo|| | ||
| 020 | _a9789941172823 | ||
| 040 | _cGE_BSU | ||
| 041 | _ageo | ||
| 080 | _a334.758(075.8) ე–82 | ||
| 100 |
_aერქომაიშვილი, გულნაზ _92815 |
||
| 245 |
_aფირმის ეკონომიკა : თეორია და პრაქტიკა : _b[სახელმძღვ. ეკონ. და ბიზნ. სპეც. სტუდ.] / _cგ. ერქომაიშვილი, ე. ხარაიშვილი ; [რედ. რ. გველესიანი] ; თსუ. |
||
| 264 |
_aთბილისი: _bუნივერსალი, _c2011. |
||
| 300 |
_a446 გვ.: _bსურ. ; _c20 სმ. |
||
| 501 | _aდანართები: გვ. 411-445. | ||
| 504 | _aბიბლიოგრ.: გვ. 409-410. | ||
| 653 | _aფირმის ეკონომიკა | ||
| 700 |
_aხარაიშვილი, ეთერ _eავტორი _914838 |
||
| 700 |
_aგველესიანი, რ. _eრედაქტორი _94609 |
||
| 710 |
_aთსუ. _914839 |
||
| 942 |
_cBK _2udc |
||